Wyspy według państwa #1 - Statystyki

Ogólne statystyki
  • Ten quiz został rozwiązany 6 913 razy
  • Średni wynik to 12 z 21
Statystyki odpowiedzi
Wyspa Państwo % Poprawnych
Grenlandia Dania
99%
Sycylia Włochy
96%
Kreta Grecja
90%
Korsyka Francja
85%
Ibiza Hiszpania
83%
Okinawa Japonia
75%
Tasmania Australia
74%
Madera Portugalia
74%
Guam Stany Zjednoczone
61%
Spitsbergen Norwegia
56%
Isle of Wight Wielka Brytania
56%
Wyspa Wielkanocna Chile
54%
Wyspy Galapagos Ekwador
54%
Sumatra Indonezja
54%
Ziemia Baffina Kanada
48%
Hajnan Chiny
44%
Aruba Holandia
44%
Luzon Filipiny
30%
Cozumel Meksyk
18%
Margarita Wenezuela
14%
Salsette Indie
10%
Nie znaleziono quizów pasujących do podanych kryteriów
Rozkład punktacji
Procent ludzi z każdym wynikiem
Percentyl według liczby udzielonych odpowiedzi
Twoja historia wyników
Nie rozwiązałeś tego quizu